Sports Quiz

Random Sports or Football Quiz

NFL 100 TD Players by Image Quiz Stats

Quiz Updated Dec 31, 2017

Challenge
Share
Tweet
Score 0/24 Timer 05:00
23 Plays Today
Hint Answer % Correct
WR, 1985-2004Jerry Rice
98.1%
HB, 1990-2004Emmitt Smith
94.4%
WR, 1998-2012Randy Moss
94.1%
HB, 2001-2011LaDainian Tomlinson
92.4%
WR, 2004-presentLarry Fitzgerald
91.3%
HB, 2007-presentAdrian Peterson
91.2%
HB, 1989-1998Barry Sanders
89.3%
HB, 1975-1987Walter Payton
88.1%
WR, 1996-2010Terrell Owens
87%
HB, 1994-2005Marshall Faulk
86.5%
TE, 1997-2013Tony Gonzalez
85.6%
TE, 2003-presentAntonio Gates
84.5%
Hint Answer % Correct
WR, 1987-2002Cris Carter
82.8%
FB, 1957-1965Jim Brown
82.3%
WR, 1996-2008Marvin Harrison
81.9%
HB, 2000-2008Shaun Alexander
74.4%
HB, 1982-1997Marcus Allen
70.5%
FB, 1972-1984Franco Harris
65.1%
WR, 1988-2004Tim Brown
63.8%
HB, 1995-2005Curtis Martin
62.6%
WR, 1976-1989Steve Largent
52.8%
FB, 1971-1985John Riggins
51.4%
WR, 1935-1945Don Hutson
14.2%
HB, 1956-1967Lenny Moore
9.6%

You're not logged in!

Compare scores with friends on all Sporcle quizzes.
Sign Up with Email
OR
Log In

You Might Also Like...

Show Comments

Extras

Top Quizzes Today


Score Distribution

Your Account Isn't Verified!

In order to create a playlist on Sporcle, you need to verify the email address you used during registration. Go to your Sporcle Settings to finish the process.